000 00365nam a22001457a 4500
003 OSt
005 20220107122822.0
008 161020b xxu||||| |||| 00| 0 eng d
040 _cIIITMK
100 _aDeepak Kumar Sahu(93615003)
_910948
245 _aData recovery on FAT32
300 _aCSIS - Mini Project
650 _aCOMPUTER SECURITY
_911368
942 _2ddc
_cPR
999 _c5450
_d5450